<?xml version="1.0" encoding="UTF-8"?>
<record
    xmlns:xsi="http://www.w3.org/2001/XMLSchema-instance"
    xsi:schemaLocation="http://www.loc.gov/MARC21/slim http://www.loc.gov/standards/marcxml/schema/MARC21slim.xsd"
    xmlns="http://www.loc.gov/MARC21/slim">

  <leader>02471nam a22002537a 4500</leader>
  <controlfield tag="005">20240305165434.0</controlfield>
  <controlfield tag="007">cr||||   ||u| </controlfield>
  <controlfield tag="008">151202s2015    sp ||||| |||| 00||0 spa d</controlfield>
  <datafield tag="020" ind1=" " ind2=" ">
    <subfield code="a">978-84-9085-206-4</subfield>
  </datafield>
  <datafield tag="035" ind1=" " ind2=" ">
    <subfield code="a">12937</subfield>
  </datafield>
  <datafield tag="040" ind1=" " ind2=" ">
    <subfield code="a">vLex</subfield>
  </datafield>
  <datafield tag="090" ind1=" " ind2=" ">
    <subfield code="c">5700</subfield>
    <subfield code="d">5700</subfield>
  </datafield>
  <datafield tag="100" ind1="1" ind2=" ">
    <subfield code="a">Ruiz Resa, Josefa Dolores</subfield>
  </datafield>
  <datafield tag="245" ind1="1" ind2="4">
    <subfield code="a">Los derechos de los trabajadores en el franquismo</subfield>
    <subfield code="h">[Recurso electr&#xF3;nico] /</subfield>
    <subfield code="c">Josefa Dolores Ruiz Resa </subfield>
  </datafield>
  <datafield tag="256" ind1=" " ind2=" ">
    <subfield code="a">Servicio en l&#xED;nea</subfield>
  </datafield>
  <datafield tag="260" ind1=" " ind2=" ">
    <subfield code="a">Madrid</subfield>
    <subfield code="b">Dykinson</subfield>
    <subfield code="c">2015</subfield>
  </datafield>
  <datafield tag="300" ind1=" " ind2=" ">
    <subfield code="a">1 recurso electr&#xF3;nico</subfield>
  </datafield>
  <datafield tag="500" ind1=" " ind2=" ">
    <subfield code="a">El objetivo de este estudio es analizar el tratamiento dado al trabajo y a los derechos derivados de &#xE9;l durante el franquismo, derechos que denominaremos socio-laborales. Se atender&#xE1; b&#xE1;sicamente al discurso oficial, es decir, el discurso admitido y sustentado desde los presupuestos y las ideolog&#xED;as de cabecera del R&#xE9;gimen, discurso en el que no s&#xF3;lo participaron sus ide&#xF3;logos y defensores confesos. Por lo dem&#xE1;s, se tendr&#xE1; en cuenta que algunos de sus contenidos ya estaban presentes en peri&#xF3;dicos hist&#xF3;ricos anteriores y, aunque este asunto no ser&#xE1; abordado, tambi&#xE9;n se tendr&#xE1; en cuenta que algunas de las normas jur&#xED;dicas e instituciones del R&#xE9;gimen siguen estando presentes en la Espa&#xF1;a actual. Esta circunstancia evidencia las continuidades que canaliza el derecho, m&#xE1;s all&#xE1; de los cambios de R&#xE9;gimen pol&#xED;tico, entendiendo el derecho no s&#xF3;lo como conjunto de normas jur&#xED;dicas sino tambi&#xE9;n incluyendo en &#xE9;l las instituciones necesarias para su aplicaci&#xF3;n e interpretaci&#xF3;n y el conjunto de valores culturales que determinan la visi&#xF3;n que los miembros de una comunidad tienen de su derecho, incluidos los operadores jur&#xED;dicos. Para llevar a cabo este trabajo, se analizar&#xE1;n el conjunto de presupuestos, ideas y argumentos que cabe extraer del discurso pol&#xED;tico del R&#xE9;gimen, su Derecho y la doctrina jur&#xED;dica cient&#xED;fica que se produjeron en torno a esta tem&#xE1;tica.</subfield>
  </datafield>
  <datafield tag="506" ind1="1" ind2=" ">
    <subfield code="a">Contenido solo disponible en los productos indicados</subfield>
    <subfield code="d">vLex Global</subfield>
    <subfield code="d">vLex Global (Academic Edition, excluding Law Schools)</subfield>
    <subfield code="d">vLex Global (U.S. Academic Edition, Law Schools)</subfield>
    <subfield code="d">vLex Global (U.S. Academic Edition, excluding Law Schools)</subfield>
    <subfield code="d">vLex Global (Academic Edition, Law Schools)</subfield>
  </datafield>
  <datafield tag="650" ind1="0" ind2="4">
    <subfield code="a">Drets dels treballadors</subfield>
    <subfield code="z">Espa&#xF1;a</subfield>
  </datafield>
  <datafield tag="740" ind1="0" ind2=" ">
    <subfield code="a">vLex libros (servicio en l&#xED;nea)</subfield>
  </datafield>
  <datafield tag="856" ind1="4" ind2="0">
    <subfield code="u">https://app.vlex.com/#/sources/derechos-de-los-trabajadores-en-el-franquismo-12937</subfield>
  </datafield>
  <datafield tag="942" ind1=" " ind2=" ">
    <subfield code="c">RAA</subfield>
  </datafield>
  <datafield tag="952" ind1=" " ind2=" ">
    <subfield code="0">0</subfield>
    <subfield code="1">0</subfield>
    <subfield code="4">0</subfield>
    <subfield code="7">0</subfield>
    <subfield code="8">VLEX</subfield>
    <subfield code="9">322015</subfield>
    <subfield code="a">BD-UIN</subfield>
    <subfield code="b">BD-UIN</subfield>
    <subfield code="d">2024-03-05</subfield>
    <subfield code="l">0</subfield>
    <subfield code="p">12937</subfield>
    <subfield code="r">2024-03-05</subfield>
    <subfield code="w">2024-03-05</subfield>
    <subfield code="y">RAA</subfield>
  </datafield>
  <datafield tag="999" ind1=" " ind2=" ">
    <subfield code="c">164030</subfield>
    <subfield code="d">164030</subfield>
  </datafield>
</record>
